Tekken 1 Characters - Statistics

General Stats
  • This quiz has been taken 123 times
  • The average score is 15 of 18
Answer Stats
Hint Answer % Correct
Final Boss Heihachi Mishima
95%
Default characters Kazuya Mishima
95%
Default characters Nina Williams
93%
Default characters King
92%
Default characters Paul Phoenix
92%
Default characters Marshall Law
89%
Default characters Jack
86%
Default characters Yoshimitsu
86%
Secret Boss Devil Kazuya
84%
Sub Bosses Anna Williams
81%
Sub Bosses Kuma
81%
Sub Bosses Armor King
78%
Sub Bosses Chaolan Lee
78%
Default characters Michelle Chang
77%
Sub Bosses Kunimitsu
67%
Sub Bosses Ganryu
66%
Sub Bosses Jinrei Wang
66%
Sub Bosses Prototype Jack
63%
No matching quizzes found
Score Distribution
Percent of People with Each Score
Percentile by Number Answered
Your Score History
You have not taken this quiz